| 000 | 01288cab a2200217 4500 | ||
|---|---|---|---|
| 001 | ABS67780 | ||
| 008 | 040415n2004 000 0 eng u | ||
| 035 | _a(Sirsi) u125839 | ||
| 100 | _aDainty, A. | ||
| 245 | _aTowards improved construction waste minimisation: a need for improved supply chain integration | ||
| 260 | _c2004 | ||
| 490 |
_aStructural Survey _v22(1) 2004, 20-29(10) |
||
| 520 | _aResearch exploring the efficacy of measures used for minimising waste in high profile UK-based projects. The case studies revealed a diverse range of waste strategies, the broader applicability of which was then explored via a questionnaire survey of waste minimisation specialists. The most effective measures were deemed to be those that fostered waste minimisation partnerships throughout the supply chain. Questions remain, however, as to whether the industry is culturally prepared for the collaborative relationships necessary to engender radical improvements in waste minimisation performance. Tables, graphs and references. [Taken from journal abstract]. | ||
| 590 | _aABS | ||
| 650 | _aWASTE MINIMISATION | ||
| 650 | _aSURVEYS | ||
| 650 | _aSUPPLY CHAIN MANAGEMENT | ||
| 690 | _aENVIRONMENTAL AND LAND CONSULTANCY-WASTE MANAGEMENT | ||
| 700 | _aBrooke, R. | ||
| 942 | _n0 | ||
| 999 |
_c74368 _d74368 |
||